Find the job behind the emoji - Statistics

General Stats
  • This quiz has been taken 34 times
  • The average score is 7 of 8
Answer Stats
Hint Answer % Correct
πŸ₯πŸ’‰πŸ‘©β€βš•οΈ Doctor
96%
πŸ§‘β€πŸŒΎπŸšœπŸŒΎ Farmer
96%
πŸ“šπŸŽ“πŸ‘©β€πŸ« Teacher
96%
πŸŽ¨πŸ–ŒοΈπŸ–ΌοΈ Artist
89%
πŸ§‘β€πŸ³πŸ½οΈπŸ‘¨β€πŸ³ chef
89%
βœˆοΈπŸŒπŸ›« Pilot
89%
πŸ‘©β€πŸ”¬πŸ”¬πŸ’‘ Scientist
89%
πŸ§‘β€βš–οΈβš–οΈπŸ“œ Lawyer
85%
No matching quizzes found
Score Distribution
Percent of People with Each Score
Percentile by Number Answered
Your Score History
You have not taken this quiz